000 00293nam a2200109Ia 4500
008 190914s9999||||xx |||||||||||||| ||und||
100 _aDr. Asrar . H. Siddiqi
245 0 _aFinance of Foreign Trade And Foreign Exchange
260 _aKarachi
_bRoyal Book
_c2003
300 _a1067
942 _cBK
999 _c10120
_d10120